header

The persistence of innovation in government / (Record no. 105475)

MARC details
000 -LEADER
fixed length control field 02027nam a2200445 i 4500
001 - CONTROL NUMBER
control field ebr10869634
003 - CONTROL NUMBER IDENTIFIER
control field CaPaEBR
006 - FIXED-LENGTH DATA ELEMENTS--ADDITIONAL MATERIAL CHARACTERISTICS--GENERAL INFORMATION
fixed length control field m o d
007 - PHYSICAL DESCRIPTION FIXED FIELD--GENERAL INFORMATION
fixed length control field cr cn|||||||||
008 - FIXED-LENGTH DATA ELEMENTS--GENERAL INFORMATION
fixed length control field 140523t20142014dcu ob 001 0 eng d
020 ## - INTERNATIONAL STANDARD BOOK NUMBER
Cancelled/invalid ISBN 9780815725602
International Standard Book Number 9780815725619 (e-book)
040 ## - CATALOGING SOURCE
Original cataloging agency CaPaEBR
Language of cataloging eng
Description conventions rda
-- pn
Transcribing agency CaPaEBR
035 ## - SYSTEM CONTROL NUMBER
System control number (OCoLC)879947266
043 ## - GEOGRAPHIC AREA CODE
Geographic area code n-us---
050 14 - LIBRARY OF CONGRESS CALL NUMBER
Classification number JK468.P64
Item number .B724 2014eb
082 04 - DEWEY DECIMAL CLASSIFICATION NUMBER
Classification number 320.60973
Edition number 23
100 1# - MAIN ENTRY--PERSONAL NAME
Personal name Borins, Sandford F.,
Dates associated with a name 1949-
Relator term author.
245 14 - TITLE STATEMENT
Title The persistence of innovation in government /
Statement of responsibility, etc Sandford F. Borins.
264 #1 - PRODUCTION, PUBLICATION, DISTRIBUTION, MANUFACTURE, AND COPYRIGHT NOTICE
Place of production, publication, distribution, manufacture Washington, District of Columbia :
Name of producer, publisher, distributor, manufacturer Brookings Institution Press,
Date of production, publication, distribution, manufacture, or copyright notice 2014.
Date of production, publication, distribution, manufacture, or copyright notice �2014
300 ## - PHYSICAL DESCRIPTION
Extent 1 online resource (242 pages).
336 ## - CONTENT TYPE
Content type term text
Source rdacontent
337 ## - MEDIA TYPE
Media type term computer
Source rdamedia
338 ## - CARRIER TYPE
Carrier type term online resource
Source rdacarrier
490 1# - SERIES STATEMENT
Series statement Innovative Governance in the 21st Century ;
Volume number/sequential designation Volume 8
504 ## - BIBLIOGRAPHY, ETC. NOTE
Bibliography, etc Includes bibliographical references and index.
588 ## - SOURCE OF DESCRIPTION NOTE
Source of description note Description based on print version record.
590 ## - LOCAL NOTE (RLIN)
Local note Electronic reproduction. Palo Alto, Calif. : ebrary, 2014. Available via World Wide Web. Access may be limited to ebrary affiliated libraries.
650 #0 - SUBJECT ADDED ENTRY--TOPICAL TERM
Topical term or geographic name as entry element Political planning
Geographic subdivision United States.
Topical term or geographic name as entry element Public administration
Geographic subdivision United States.
Topical term or geographic name as entry element Administrative agencies
Geographic subdivision United States
General subdivision Management.
Topical term or geographic name as entry element Organizational change
Geographic subdivision United States.
Topical term or geographic name as entry element Government productivity
Geographic subdivision United States.
655 #0 - INDEX TERM--GENRE/FORM
Genre/form data or focus term Electronic books.
776 08 - ADDITIONAL PHYSICAL FORM ENTRY
Display text Print version:
Main entry heading Borins, Sandford F.
Title Persistence of innovation in government.
Place, publisher, and date of publication Washington, District of Columbia : Brookings Institution Press, c2014
Physical description x, 230 pages
Series data for related item Innovative governance in the 21st century ; Volume 8.
International Standard Book Number 9780815725602
Record control number 2014008492
797 2# - LOCAL ADDED ENTRY--CORPORATE NAME (RLIN)
Corporate name or jurisdiction name as entry element ebrary.
830 #0 - SERIES ADDED ENTRY--UNIFORM TITLE
Uniform title Innovative governance in the 21st century ;
Volume number/sequential designation Volume 8.
856 40 - ELECTRONIC LOCATION AND ACCESS
Uniform Resource Identifier <a href="http://site.ebrary.com/lib/rucke/Doc?id=10869634">http://site.ebrary.com/lib/rucke/Doc?id=10869634</a>
Public note An electronic book accessible through the World Wide Web; click to view

No items available.

© 2026 Rongo University
Contact us: librarian | system librarian | Rongo university